Films français par résumé - Statistiques

Statistiques générales
  • Ce quiz a été pris 30 fois
  • Le résultat moyen est 4 sur 12
Statistiques - réponses
Hint Réponse % Correct
Un professeur de musique transforme la vie d'enfants difficiles en créant une chorale dans leur internat. Les choristes
79%
Un aristocrate devenu tétraplégique engage un aide à domicile issu des quartiers populaires Intouchables
72%
Deux ados éperdument amoureux sont séparés après que le garçon soit envoyé en prison. Ils se retrouvent après de longues années mais la fille a déjà refait sa vie. L'amour ouf
66%
Après une bavure policière, trois jeunes errent dans une ville sous tension et marquée par la violence La haine
62%
Un jeune rappeur de banlieue se fait repérer par une chanteuse et professeure d'opéra Ténor
41%
Deux amis fermiers reçoivent la visite d'aliens, friands de leur plat fétiche La soupe aux chous
24%
Un immeuble de banlieue française est mis en quarantaine alors qu'il est infesté d'araignées mortelles Vermines
21%
Un père de famille meurt dans d'étranges circonstances alors que le seul témoin est son fils, aveugle Anatomie d'une chute
14%
Une jolie bergère et un ramoneur tentent de fuir le règne tyrannique d'un roi voulant épouser la bergère, tous deux aidés par un étrange animal. Le roi et l'oiseau
14%
Dans une ville froide française où le suicide est monnaie courante, une famille gère une boutique où tout le matériel nécessaire à cet acte est à la vente Le magasin des suicides
10%
Une fille ayant été séquestrée et torturée pendant son enfance veut se venger contre ses ravisseurs plusieurs années après son échappé, accompagnée de sa meilleure amie. Une longue descente aux enfers débute alors Martyrs
0%
Les habitants d'un village en crise font appel à un médecin, requis pour restaurer la seule usine locale Un village presque parfait
0%
Aucun quiz correspondant
Distribution des résultats
% des personnes avec chaque résultat
Percentile par nombre de réponses
Votre historique - résultats
Vous n’avez pas pris ce quiz